000 00949nam a22003017a 4500
001 0065417
003 KOHA_MİRAKIL
005 20260207004559.0
007 ta
008 200304b1996 tu |||gr||||#||||1|tur |
020 _a9753634730
040 _aTR-BiSEU
_btur
_cTR-BiSEU
_erda
041 0 _atur
044 _ctu
050 _aPQ2603.U73
_bM53 1996
100 1 _aButor, Michel.
245 1 _aMichel Butor üstüne doğaçlamalar: dönüşen yazı/
_cMichel Butor ; Michel Butor; çeviren İsmail Yerguz.
264 1 _aİstanbul :
_bYapı Kredi Yayınları
_c1996
300 _a217 sayfa; 23 cm.
336 _ametin
_btxt
_2rdacontent
337 _aaracısız
_bn
_2rdamedia
338 _acilt
_bnc
_2rdacarrier
490 1 _aYapı Kredi yayınları-Edebiyat ;
_v138.
650 0 _aFransız edebiyatı.
_98689
650 0 _aFrench literature.
_98690
830 1 _aYapı Kredi yayınları-Edebiyat ;
_v138.
_913342
942 _2lcc
_cBK
999 _c65751
_d65751